Какво направихме в Търново? (Запис номер 154844)
[ съкратено ]
| 000 -Лидер | |
|---|---|
| Контролно поле с фиксирана дължина | 01778nam a2200397 a 4500 |
| 003 - Код на организацията, давaща контролен номер | |
| Контролно поле | BLK |
| 005 - Дата и час на последна редакция | |
| Контролно поле | 20250123102547.0 |
| 008 - Елементи от данни с фиксирана дължина | |
| fixed length control field | 180410b bul|||||r ||||||| ||bul|| |
| 010 ## - Наследен системен номер | |
| LC control number | KNG00161485000 |
| 040 ## - Източник на каталожния запис | |
| Идентификатор на билиотеката - собственик на записа | BLK |
| 041 ## - Код за език | |
| Код за езика на текст/звукозапис или на отделно заглавие | Български |
| Код за езика КДБФ | Български |
| 072 #7 - Код за тематичната категория | |
| Код организация | bullib |
| Код за тематична категория | К |
| Текст | Краезнание |
| 072 #7 - Код за тематичната категория | |
| Код организация | bullib |
| Код за тематична категория | Ц |
| Текст | Редки и ценни |
| 080 ## - УДК | |
| Текстов определител УДК | Парламенти. Представителни органи. Правителства. Вж и 342.53 |
| УДК код - определител по УДК | 328 |
| УДК определител | (497.2) |
| УДК - код + определител | 328(497.2) |
| 100 ## - Редна дума - Автор | |
| Автор | Стоянов, Захарий |
| Автор - информация (биография) | Стоянов, Захари |
| Дати, свързани с автора | 1850-1889 |
| Пълна форма на името | Джедев, Джендо Стоянов |
| Авторска отговорност | първи автор |
| R(LIN) | 364101 |
| 139 ## - Редно поле | |
| Редна дума | Стоянов, Захарий |
| Авторски знак | Стоя - С 83 |
| 245 10 - Сведения за заглавието | |
| Заглавие | Какво направихме в Търново? |
| Подзаглавни данни | Отчет към моите избиратели в Пловдив, Котел и околиите |
| Редно поле (дума) | Захари Стоянов. |
| 257 ## - Страна на издаване | |
| Страна на създаване/издаване | България |
| 260 ## - Област на издателските данни | |
| Година на издаване | 1886 |
| Печатница | Русе : печ. Ст. Ив. Роглев |
| Място на издаване, разпространение и проч. | Русе |
| 300 ## - Физическа характеристика | |
| Страници | 18 с. |
| Размери/Мащаб | 18 см |
| 380 ## - Жанр | |
| Жанр | Обществени науки |
| 650 #4 - Допълнително описание по предмет – тема | |
| Основно описание – тема или топоним | Парламентаризъм - България |
| 9 (RLIN) | 302503 |
| 651 #4 - Допълнително описание по предмет - топоним | |
| Географско понятие | България |
| 9 (RLIN) | 241624 |
| 653 ## - Ключова дума – ненормативна | |
| Ключова дума | парламент |
| 653 ## - Ключова дума – ненормативна | |
| Ключова дума | Велико народно събрание |
| 653 ## - Ключова дума – ненормативна | |
| Ключова дума | депутати |
| 659 ## - Тематичен бюлетин | |
| Тематичен бюлетин | К |
| 659 ## - Тематичен бюлетин | |
| Тематичен бюлетин | Ц |
| 852 ## - Местоположение | |
| Форматна сигнатура | К 32/С 83-З |
| Фондова буква | Краезнание |
| 856 4# - Електронен адрес и достъп | |
| Електронен формат | pdf - файл |
| Инструкция (цена за достъп) | 0.00 |
| Права за достъп | Достъп за регистрирани потребители |
| Име на файл | Какво направихме в Търново? |
| Път до файла /url/ | http://185.138.176.146:18082/cgi-bin/koha/opac-retrieve-file.pl?id=533a34b5da35f0d0db6f5d0b0f23cf2e |
| Допълнителна информация (Корица, съдържание, пълен текст, звуков файл, HTML файл) | Електронна книга |
| Информация за съдържанието | Какво направихме в Търново? |
| 942 ## - АРТИКУЛИ | |
| Вид на библиотечния материал | Книги |
| Скрит в OPAC | Не |
| Периодичен библиозапис | Да |
| Koha issues (borrowed), all copies | 1 |
| 944 ## - СЪЗДАВАНЕ И РЕДАКЦИЯ на ЗАПИСА | |
| Създаване/Редакция | Създаване |
| Дата на регистрацията/редакция | 30.05.2014 |
| Статус, дата на статуса | Валя Йорданова |
| Служител, извършил регистрацията/редакцията | 30558 |
| 944 ## - СЪЗДАВАНЕ И РЕДАКЦИЯ на ЗАПИСА | |
| Създаване/Редакция | Редакция |
| Дата на регистрацията/редакция | 2023-04-21 |
| Статус, дата на статуса | 2023-04-21 |
| 999 ## - СИСТЕМНИ КОНТРОЛНИ НОМЕРА | |
| Koha biblionumber | 154844 |
| Koha biblioitemnumber | 154844 |
| 999 ## - СИСТЕМНИ КОНТРОЛНИ НОМЕРА | |
| Koha biblioitemnumber | 154844 |
| 999 ## - СИСТЕМНИ КОНТРОЛНИ НОМЕРА | |
| Koha biblioitemnumber | 154844 |
| Код за отписване | Код за изгубен артикул | Източник на класификационната схема | Код за повреда | Коз за рестрикции | Код за отдаване | Артикулен № | Име на библиотеката - собственик | Име на библиотеката, в която се намира в момента | Статус (Текущо местоположение) | Дата на вписване в системата | Местоположение - отдел | Цена в лева | Инвентарен номер | Систематично азбучна сигнатура | Баркод | Номер на екземпляра | Цена в евро | Служебна бележка | Служебен тип на артикула |
|---|---|---|---|---|---|---|---|---|---|---|---|---|---|---|---|---|---|---|---|
| Не е изгубен | Universal Decimal Classification | Не е повреден | без рестрикции | ползва се в читалня | 259576 | Регионална библиотека "Любен Каравелов" Русе | Регионална библиотека "Любен Каравелов" Русе | Краезнание | 1886-01-01 | Краезнание | 0.02 | 13197 | К 32/С 83-З | 900000097146 | 1 | 0.01 | N: Сф Дата: 01.01.1886 Дата инв: 08.11.2017 Бележки инв: К2017 | Книги |